<?xml version="1.0" encoding="UTF-8"?>
<record
    xmlns:xsi="http://www.w3.org/2001/XMLSchema-instance"
    xsi:schemaLocation="http://www.loc.gov/MARC21/slim http://www.loc.gov/standards/marcxml/schema/MARC21slim.xsd"
    xmlns="http://www.loc.gov/MARC21/slim">

  <leader>01202aam a2200409a 44500</leader>
  <controlfield tag="008">081204s2005                        cat</controlfield>
  <datafield tag="017" ind1=" " ind2=" ">
    <subfield code="a">V-4755-2005</subfield>
  </datafield>
  <datafield tag="041" ind1=" " ind2=" ">
    <subfield code="a">cat</subfield>
  </datafield>
  <datafield tag="041" ind1=" " ind2=" ">
    <subfield code="b">spa</subfield>
  </datafield>
  <datafield tag="080" ind1=" " ind2=" ">
    <subfield code="a">342.4(038)</subfield>
  </datafield>
  <datafield tag="100" ind1=" " ind2=" ">
    <subfield code="a">Mart&#xED;nez i Dalmau, Rub&#xE9;n</subfield>
    <subfield code="9">62809</subfield>
  </datafield>
  <datafield tag="245" ind1=" " ind2=" ">
    <subfield code="a">Vocabulari de dret constitucional: Catal&#xE0;/castell&#xE0;</subfield>
  </datafield>
  <datafield tag="245" ind1=" " ind2=" ">
    <subfield code="c">Lino Val&#xE8;ncia i Montes</subfield>
  </datafield>
  <datafield tag="245" ind1=" " ind2=" ">
    <subfield code="c">Rub&#xE9;n Mart&#xED;nez i Dalmau</subfield>
  </datafield>
  <datafield tag="260" ind1=" " ind2=" ">
    <subfield code="a">[Val&#xE8;ncia]</subfield>
  </datafield>
  <datafield tag="260" ind1=" " ind2=" ">
    <subfield code="b">Facultat de Dret</subfield>
  </datafield>
  <datafield tag="260" ind1=" " ind2=" ">
    <subfield code="b">Universitat de Val&#xE8;ncia. Servei de Pol&#xED;tica Ling&#xFC;&#xED;stica</subfield>
  </datafield>
  <datafield tag="260" ind1=" " ind2=" ">
    <subfield code="c">2005</subfield>
  </datafield>
  <datafield tag="300" ind1=" " ind2=" ">
    <subfield code="a">28 p.</subfield>
    <subfield code="c">21 cm.</subfield>
  </datafield>
  <datafield tag="490" ind1=" " ind2=" ">
    <subfield code="a">Vocabularis Universitaris B&#xE0;sics. Dret; </subfield>
    <subfield code="v">12</subfield>
  </datafield>
  <datafield tag="500" ind1=" " ind2=" ">
    <subfield code="a">Categoria gramatical, sin&#xF2;nims, remissions</subfield>
  </datafield>
  <datafield tag="500" ind1=" " ind2=" ">
    <subfield code="a">&#xCD;ndex</subfield>
  </datafield>
  <datafield tag="520" ind1=" " ind2=" ">
    <subfield code="a">334</subfield>
  </datafield>
  <datafield tag="591" ind1=" " ind2=" ">
    <subfield code="a">4194</subfield>
  </datafield>
  <datafield tag="592" ind1=" " ind2=" ">
    <subfield code="a">Obra terminol&#xF2;gica</subfield>
  </datafield>
  <datafield tag="593" ind1=" " ind2=" ">
    <subfield code="a">MC</subfield>
  </datafield>
  <datafield tag="594" ind1=" " ind2=" ">
    <subfield code="a">4194</subfield>
  </datafield>
  <datafield tag="650" ind1=" " ind2=" ">
    <subfield code="a">dret constitucional</subfield>
    <subfield code="9">62811</subfield>
  </datafield>
  <datafield tag="700" ind1=" " ind2=" ">
    <subfield code="a">Val&#xE8;ncia i Montes, Lino</subfield>
    <subfield code="9">62810</subfield>
  </datafield>
  <datafield tag="830" ind1=" " ind2=" ">
    <subfield code="a">Vocabularis Universitaris B&#xE0;sics. Dret; </subfield>
    <subfield code="v">12</subfield>
    <subfield code="9">62656</subfield>
  </datafield>
  <datafield tag="901" ind1=" " ind2=" ">
    <subfield code="c">&lt;2005&gt;</subfield>
  </datafield>
  <datafield tag="902" ind1=" " ind2=" ">
    <subfield code="a">081204</subfield>
  </datafield>
  <datafield tag="942" ind1=" " ind2=" ">
    <subfield code="c">MO</subfield>
    <subfield code="n">0</subfield>
  </datafield>
  <datafield tag="999" ind1=" " ind2=" ">
    <subfield code="c">52322</subfield>
    <subfield code="d">52322</subfield>
  </datafield>
  <datafield tag="952" ind1=" " ind2=" ">
    <subfield code="0">0</subfield>
    <subfield code="1">0</subfield>
    <subfield code="4">0</subfield>
    <subfield code="7">0</subfield>
    <subfield code="a">TERMCAT</subfield>
    <subfield code="b">TERMCAT</subfield>
    <subfield code="d">2008-12-04</subfield>
    <subfield code="l">0</subfield>
    <subfield code="o">MC 4 Caixa</subfield>
    <subfield code="p">01372</subfield>
    <subfield code="r">2021-09-30 00:00:00</subfield>
    <subfield code="w">2021-09-30</subfield>
    <subfield code="y">MO</subfield>
  </datafield>
</record>
